01139nam a2200289 i 450000100060000000300090000600500170001500700030003200800410003502000180007604000220009408000250011608000140014110000270015524501880018226000470037030000220041749000390043950400420047865000360052065000370055670000370059383000470063085200330067799900170071095201220072767491ES-MaACL20230906170102.0t|040601s2002 sp ||||0| spa d a84-493-1280-9 aM-BN bspa cM-BN a338.45(100):665.6/.7 a662.769.21 aRifkin, Jeremy.99718413aLa economía del hidrógeno b: la creación de la red energética mundial y la redistribución del poder en la Tierra / cJeremy Rifkin ; [traducción de Ramon Viláa Vernis]. aBarcelona : bPaidós Ibérica, c[2002] a324 p. ; c24 cm.1 aPaidós estado y sociedad ; v102 aBibliografía: p. [307]-313. Indice.14aIndustria petrolífera.91373114aHidrógeno (Combustible)9133371 aViláa Vernis, Ramón.91337750 aPaidós estado y sociedad ; v1029178635 aES-MaACLjL-27755 bR.133390 c67491d67491 00104070aATENEOMbATENEOMcDEPO2d2008-01-17eSCl0oL-27755p1070672r2023-02-23 00:00:00w2023-02-23yMONOGRAFIA